[Event "4NCL Division 1b"]
[Site "Birmingham, ENG ENG"]
[Date "2015.11.14"]
[Round "1.151"]
[White "Sadler, Matthew D"]
[Black "Roberson, Peter T"]
[Result "1-0"]
[WhiteElo "2659"]
[BlackElo "2408"]
[PlyCount "127"]
[EventDate "2015.11.14"]
[WhiteTeam "Guildford 1"]
[BlackTeam "Grantham Sharks 1"]

1. e4 e6 2. d3 c5 3. g3 Nc6 4. Bg2 Nf6 5. Nf3 Be7 6. O-O O-O 7. Re1 d6 8. c3
Bd7 9. a3 Qc7 10. Nbd2 Ne5 11. Qe2 Rac8 12. Nxe5 dxe5 13. a4 a6 14. a5 Rfd8 15.
Nb3 c4 16. dxc4 Qxc4 17. Qxc4 Rxc4 18. Be3 Bb5 19. f3 Rcc8 20. Bf1 Bxf1 21.
Kxf1 Kf8 22. Ke2 Ke8 23. Nc1 Nd7 24. Nd3 f6 25. Red1 Nc5 26. Nxc5 Rxd1 27. Kxd1
Bxc5 28. Bxc5 Rxc5 29. Kc2 Kd7 30. Rd1+ Kc7 31. b4 Rc6 32. h4 h5 33. Rg1 Rd6
34. g4 hxg4 35. Rxg4 Rd7 36. Kb3 Kc6 37. h5 Rf7 38. Rg1 Rd7 39. Rg2 Rf7 40. c4
Rd7 41. Kc3 Rf7 42. Kb3 Rd7 43. Ka4 Rf7 44. Rg6 Kd6 45. Rg1 Kc6 46. Rd1 f5 47.
c5 fxe4 48. fxe4 Rf6 49. Rd6+ Kc7 50. b5 axb5+ 51. Kxb5 Rh6 52. a6 bxa6+ 53.
Rxa6 Rxh5 54. Ra7+ Kd8 55. Kc6 Rh4 56. Kd6 Kc8 57. c6 Kb8 58. Rb7+ Ka8 59. Rxg7
Rxe4 60. Rg8+ Ka7 61. c7 Rd4+ 62. Kxe5 Rc4 63. c8=Q Rc6 64. Qd7+ 1-0

[Event "4NCL Division 1b"]
[Site "Birmingham, ENG ENG"]
[Date "2015.11.14"]
[Round "1.152"]
[White "Ghasi, Ameet K"]
[Black "Van Kampen, Robin"]
[Result "0-1"]
[WhiteElo "2469"]
[BlackElo "2617"]
[PlyCount "98"]
[EventDate "2015.11.14"]
[WhiteTeam "Grantham Sharks 1"]
[BlackTeam "Guildford 1"]

1. Nf3 d5 2. g3 c6 3. Bg2 Nf6 4. O-O Bg4 5. d3 Nbd7 6. Nbd2 e5 7. e4 dxe4 8.
dxe4 Be7 9. Qe1 O-O 10. Nc4 Qc7 11. Ne3 Bh5 12. Nf5 Bc5 13. h3 Rfd8 14. N3h4
Ne8 15. Kh1 Nf8 16. f4 Ne6 17. Bd2 Rd7 18. Bf3 Bxf3+ 19. Nxf3 exf4 20. e5 fxg3
21. Qxg3 Rad8 22. Rae1 Kh8 23. Bc3 Bf8 24. Ng5 c5 25. Ne3 Qc6+ 26. Kh2 Kg8 27.
Re2 Nxg5 28. Qxg5 Nc7 29. Ng4 Ne6 30. Qh5 b6 31. Rg2 Kh8 32. Rgf2 Qe4 33. Rxf7
Qxc2+ 34. R7f2 Qg6 35. Qxg6 hxg6 36. Ne3 b5 37. Ba5 Re8 38. Rg1 Kh7 39. Rgf1
Kg8 40. a3 Rd3 41. Ng2 b4 42. Ra1 g5 43. Ne1 Rb3 44. Nf3 Be7 45. Raf1 Rf8 46.
axb4 cxb4 47. Ng1 Rxf2+ 48. Rxf2 Bc5 49. Rc2 Bd4 0-1

[Event "4NCL Division 1b"]
[Site "Birmingham, ENG ENG"]
[Date "2015.11.14"]
[Round "1.153"]
[White "Pert, Nicholas"]
[Black "Rendle, Thomas E"]
[Result "1-0"]
[WhiteElo "2569"]
[BlackElo "2369"]
[PlyCount "115"]
[EventDate "2015.11.14"]
[WhiteTeam "Guildford 1"]
[BlackTeam "Grantham Sharks 1"]

1. d4 e6 2. e4 d5 3. Nd2 Nc6 4. Ngf3 Nf6 5. e5 Nd7 6. Bd3 f6 7. Ng5 Ndxe5 8.
dxe5 fxg5 9. Qh5+ g6 10. Bxg6+ Kd7 11. c4 Nxe5 12. Bc2 Qf6 13. O-O Bd6 14. b4
Ng6 15. Nb3 Nf4 16. Bxf4 Qxf4 17. cxd5 exd5 18. g3 Qf6 19. f4 gxf4 20. Nc5+ Kd8
21. Qxd5 c6 22. Qd2 Kc7 23. Ne4 Qe7 24. Nxd6 Qxd6 25. Qxd6+ Kxd6 26. Rxf4 Be6
27. Rf6 Raf8 28. Rh6 Ke7 29. a4 Bf5 30. Bxf5 Rxf5 31. Rd1 Rf7 32. Rd4 Rg8 33.
Rdh4 Rgg7 34. b5 cxb5 35. axb5 Kd7 36. Rd4+ Kc7 37. Rc4+ Kd7 38. Rh5 Rg6 39.
Rch4 Rgg7 40. Ra4 a6 41. bxa6 bxa6 42. Rxa6 Re7 43. Rhh6 Ke8 44. Ra8+ Kd7 45.
Kg2 Kc7 46. Ra4 Kd7 47. Kh3 Ke8 48. Ra8+ Kd7 49. g4 Kc7 50. Kh4 Kd7 51. h3 Kc7
52. Ra5 Kd7 53. Kh5 Ke8 54. Ra8+ Kd7 55. h4 Rgf7 56. g5 Kc7 57. Rha6 Kd7 58.
Rh8 1-0

[Event "4NCL Division 1b"]
[Site "Birmingham, ENG ENG"]
[Date "2015.11.14"]
[Round "1.154"]
[White "Batchelor, Peter J"]
[Black "Zhou, Yang-Fan"]
[Result "0-1"]
[WhiteElo "2311"]
[BlackElo "2455"]
[PlyCount "110"]
[EventDate "2015.11.14"]
[WhiteTeam "Grantham Sharks 1"]
[BlackTeam "Guildford 1"]

1. d4 Nf6 2. c4 g6 3. Nf3 Bg7 4. Nc3 O-O 5. Bg5 d6 6. e3 c5 7. Be2 h6 8. Bh4
cxd4 9. Nxd4 Nc6 10. O-O Bd7 11. Rc1 Rc8 12. b3 Re8 13. Bg3 Qa5 14. Bf3 Nxd4
15. exd4 b5 16. Nxb5 Bxb5 17. cxb5 Qxb5 18. Re1 Kf8 19. Bf4 Nd5 20. Bxd5 Qxd5
21. Qd2 g5 22. Be3 f5 23. f3 Bf6 24. Qd3 Kf7 25. Rc4 Rxc4 26. bxc4 Qa5 27. Re2
Rb8 28. c5 Qb5 29. Qxb5 Rxb5 30. g3 d5 31. Rc2 Ke8 32. Kf2 Rb4 33. c6 Kd8 34.
Rc5 e6 35. Ra5 Kc7 36. Rxa7+ Kxc6 37. Rh7 Bxd4 38. Rxh6 Kd6 39. Bxd4 Rxd4 40.
h4 gxh4 41. Rxh4 Rd2+ 42. Ke3 Rxa2 43. Rh8 Ra3+ 44. Ke2 d4 45. Rb8 e5 46. Rb5
e4 47. Rxf5 Ra2+ 48. Ke1 e3 49. Rf8 Kd5 50. g4 d3 51. Rd8+ Kc4 52. Rc8+ Kb5 53.
Rb8+ Kc6 54. Rb1 Rh2 55. Rb2 Rh1# 0-1

[Event "4NCL Division 1b"]
[Site "Birmingham, ENG ENG"]
[Date "2015.11.14"]
[Round "1.155"]
[White "Smerdon, David C"]
[Black "Bremner, Adam"]
[Result "1-0"]
[WhiteElo "2520"]
[BlackElo "2183"]
[PlyCount "51"]
[EventDate "2015.11.14"]
[WhiteTeam "Guildford 1"]
[BlackTeam "Grantham Sharks 1"]

1. e4 c6 2. c4 d5 3. exd5 cxd5 4. cxd5 Nf6 5. Nc3 g6 6. Bb5+ Nbd7 7. d4 a6 8.
Be2 Nb6 9. Bf3 Nfxd5 10. Nxd5 Nxd5 11. Qb3 e6 12. Ne2 Bg7 13. Nc3 O-O 14. O-O
Ra7 15. Nxd5 exd5 16. Bxd5 b5 17. Be3 Qd6 18. Rac1 Rd8 19. Bg5 Rf8 20. Be3 Rd8
21. Rc6 Qd7 22. Rfc1 Qf5 23. R6c5 Be6 24. Bxe6 Qxe6 25. d5 Qf6 26. Rc6 1-0

[Event "4NCL Division 1b"]
[Site "Birmingham, ENG ENG"]
[Date "2015.11.14"]
[Round "1.156"]
[White "Foisor, Mihaela-Veronica"]
[Black "Stefanova, Antoaneta"]
[Result "0-1"]
[WhiteElo "2240"]
[BlackElo "2519"]
[PlyCount "64"]
[EventDate "2015.11.14"]
[WhiteTeam "Grantham Sharks 1"]
[BlackTeam "Guildford 1"]

1. c4 g6 2. g3 Bg7 3. Bg2 e5 4. Nc3 Ne7 5. e4 d6 6. Nge2 Nbc6 7. d3 O-O 8. Be3
Nd4 9. O-O c6 10. Qd2 Bg4 11. f3 Be6 12. Rae1 d5 13. exd5 cxd5 14. Bxd4 exd4
15. Nxd5 Bxd5 16. cxd5 Nxd5 17. f4 Ne3 18. Rf2 Qb6 19. Bf3 a5 20. g4 f5 21. g5
Rf7 22. Ng3 Bf8 23. a3 Rc8 24. Rc1 Rfc7 25. Rxc7 Rxc7 26. Nf1 Bd6 27. Bh1 Kf8
28. Qe1 Qc5 29. Bg2 Re7 30. Nxe3 dxe3 31. Rf3 e2+ 32. Kh1 Qd4 0-1

[Event "4NCL Division 1b"]
[Site "Birmingham, ENG ENG"]
[Date "2015.11.14"]
[Round "1.157"]
[White "Hebden, Mark L"]
[Black "Milson, Samuel A"]
[Result "1-0"]
[WhiteElo "2467"]
[BlackElo "2110"]
[PlyCount "87"]
[EventDate "2015.11.14"]
[WhiteTeam "Guildford 1"]
[BlackTeam "Grantham Sharks 1"]

1. d4 d5 2. Nf3 Nf6 3. c4 c6 4. e3 a6 5. Bd2 e6 6. Nc3 Nbd7 7. Qc2 Bd6 8. e4
dxe4 9. Nxe4 Nxe4 10. Qxe4 Nf6 11. Qh4 Qe7 12. O-O-O Bd7 13. Ne5 c5 14. Be2
cxd4 15. Qxd4 Ba4 16. c5 Bxe5 17. Qxa4+ Qd7 18. Qxd7+ Nxd7 19. Be3 Rc8 20. Kb1
Ke7 21. Rc1 Rc7 22. Rc4 Rhc8 23. Rhc1 Bf6 24. g4 h6 25. f4 g5 26. h3 Ke8 27.
R1c2 Be7 28. b4 a5 29. bxa5 Nxc5 30. fxg5 hxg5 31. Bf3 f6 32. a3 Bd6 33. Ka2
Kd7 34. Rb4 Rb8 35. Rb5 Nd3 36. Rxc7+ Kxc7 37. Ba7 Rh8 38. Rxb7+ Kc8 39. Rg7
Rxh3 40. Bb7+ Kd8 41. Bd4 Ne5 42. a6 Rxa3+ 43. Kb1 Bb8 44. Rg8+ 1-0

[Event "4NCL Division 1b"]
[Site "Birmingham, ENG ENG"]
[Date "2015.11.14"]
[Round "1.158"]
[White "Tavares, Shawn P"]
[Black "Flear, Glenn C"]
[Result "0-1"]
[WhiteElo "2130"]
[BlackElo "2457"]
[PlyCount "120"]
[EventDate "2015.11.14"]
[WhiteTeam "Grantham Sharks 1"]
[BlackTeam "Guildford 1"]

1. e4 e5 2. Nf3 Nc6 3. Bb5 a6 4. Ba4 Nf6 5. Qe2 b5 6. Bb3 Bc5 7. c3 d6 8. d3 h6
9. h3 Bb7 10. Nbd2 Bb6 11. Nf1 Ne7 12. Ne3 O-O 13. Ng4 Ng6 14. Be3 Bxe3 15.
Nxf6+ Qxf6 16. fxe3 Qd8 17. O-O d5 18. Rad1 Qd6 19. exd5 Bxd5 20. c4 Be6 21.
Nd2 Rad8 22. cxb5 axb5 23. Ne4 Qb6 24. Bxe6 Qxe6 25. b4 Ra8 26. Rf2 Ra3 27. Nc5
Qd5 28. Qf3 Qxf3 29. gxf3 Rfa8 30. Rdd2 Ne7 31. e4 Nc6 32. Rb2 Rd8 33. Rf1 Rd4
34. Rfb1 Rc3 35. Rb3 Rxb3 36. Rxb3 Rxb4 37. Ra3 Rb2 38. Ra8+ Kh7 39. a4 bxa4
40. Rxa4 Nd4 41. Ra7 Nxf3+ 42. Kf1 Kg6 43. Rxc7 Rc2 44. Ne6 Rxc7 45. Nxc7 Ng5
46. Kg2 Ne6 47. Nd5 Nc5 48. Nb4 Kh5 49. Kg3 g5 50. Kf3 Kh4 51. Nc6 f6 52. Ke3
Kxh3 53. d4 exd4+ 54. Kxd4 Ne6+ 55. Kd5 Nf4+ 56. Kd6 g4 57. e5 fxe5 58. Kxe5 g3
59. Nd4 g2 60. Nf3 Kg3 0-1

[Event "4NCL Division 1b"]
[Site "Birmingham, ENG ENG"]
[Date "2015.11.14"]
[Round "1.161"]
[White "Gormally, Daniel W"]
[Black "McNab, Colin A"]
[Result "1-0"]
[WhiteElo "2504"]
[BlackElo "2439"]
[PlyCount "77"]
[EventDate "2015.11.14"]
[WhiteTeam "Blackthorne Russia"]
[BlackTeam "White Rose 1"]

1. e4 g6 2. d4 Bg7 3. Nc3 d6 4. Be3 Nf6 5. Nf3 c6 6. h3 O-O 7. Bd3 Nbd7 8. O-O
e5 9. Qd2 Qe7 10. Rfe1 b5 11. dxe5 Nxe5 12. Nxe5 dxe5 13. a4 b4 14. Ne2 Rd8 15.
Ng3 Be6 16. a5 Ne8 17. Qe2 Bf8 18. Nf1 Nc7 19. Nd2 f6 20. f4 exf4 21. Bxf4 Nb5
22. e5 f5 23. Qf2 Nd4 24. Be3 c5 25. Nc4 Qf7 26. Nd6 Bxd6 27. exd6 Rxd6 28. Bf4
Rd7 29. Rad1 Bd5 30. c3 bxc3 31. bxc3 Ne6 32. Bb5 Rdd8 33. Bh6 Rab8 34. Qh4 g5
35. Qg3 Rxb5 36. Rxe6 g4 37. Qh4 Rd7 38. Qg5+ Kh8 39. Rf6 1-0

[Event "4NCL Division 1b"]
[Site "Birmingham, ENG ENG"]
[Date "2015.11.14"]
[Round "1.162"]
[White "Adair, James R"]
[Black "Ledger, Andrew J"]
[Result "1-0"]
[WhiteElo "2454"]
[BlackElo "2387"]
[PlyCount "97"]
[EventDate "2015.11.14"]
[WhiteTeam "White Rose 1"]
[BlackTeam "Blackthorne Russia"]

1. e4 e6 2. d4 d5 3. Nc3 dxe4 4. Nxe4 Nd7 5. Nf3 Ngf6 6. Bd3 c5 7. O-O Nxe4 8.
Bxe4 Nf6 9. Bg5 cxd4 10. Nxd4 Be7 11. Bf3 O-O 12. Qd3 Qb6 13. Be3 Bd7 14. Qb3
Qxb3 15. Nxb3 Bc6 16. Bxc6 bxc6 17. Bc5 Bxc5 18. Nxc5 Rfd8 19. Nb3 Kf8 20. Rfd1
Rxd1+ 21. Rxd1 Ke7 22. Na5 Rc8 23. Kf1 Rc7 24. Ke2 Nd5 25. c4 Nf4+ 26. Kf3 e5
27. c5 Ne6 28. b4 Nd4+ 29. Ke4 Ke6 30. g4 f6 31. f4 Rd7 32. Rd3 g6 33. f5+
gxf5+ 34. gxf5+ Ke7 35. a4 Kd8 36. Rg3 Kc7 37. Nc4 Nc2 38. Nd6 Nxb4 39. Rg8 Rd8
40. Rg7+ Rd7 41. Ne8+ Kd8 42. Rxd7+ Kxd7 43. Nxf6+ Ke7 44. Nxh7 Na6 45. Kxe5
Nxc5 46. f6+ Ke8 47. Kd6 Nxa4 48. Ng5 Kf8 49. f7 1-0

[Event "4NCL Division 1b"]
[Site "Birmingham, ENG ENG"]
[Date "2015.11.14"]
[Round "1.163"]
[White "Hunt, Harriet V"]
[Black "Palliser, Richard J D"]
[Result "1-0"]
[WhiteElo "2439"]
[BlackElo "2426"]
[PlyCount "58"]
[EventDate "2015.11.14"]
[WhiteTeam "Blackthorne Russia"]
[BlackTeam "White Rose 1"]

1. e4 c5 2. Nc3 Nc6 3. Bb5 Nd4 4. Bc4 e6 5. Nf3 Nf6 6. O-O a6 7. d3 b5 8. Bb3
Nxb3 9. axb3 Bb7 10. Bg5 h6 11. Bh4 d6 12. Qe2 Be7 13. Nd1 O-O 14. c4 d5 15.
exd5 exd5 16. Ne3 Re8 17. d4 dxc4 18. bxc4 cxd4 19. Rad1 Nh5 20. Nxd4 Nf4 21.
Qg4 Bxh4 22. Qxf4 Re4 23. Qf3 Qg5 24. Ndf5 Rae8 25. Nd6 Rxe3 26. Qxf7+ Kh7 27.
Qxb7 R8e7 28. Qd5 R7e5 29. Qd2 Bxf2+ 1-0

[Event "4NCL Division 1b"]
[Site "Birmingham, ENG ENG"]
[Date "2015.11.14"]
[Round "1.164"]
[White "Maroroa, Sue"]
[Black "Ansell, Simon T"]
[Result "0-1"]
[WhiteElo "2297"]
[BlackElo "2358"]
[PlyCount "104"]
[EventDate "2015.11.14"]
[WhiteTeam "White Rose 1"]
[BlackTeam "Blackthorne Russia"]

1. e4 c6 2. d4 d5 3. e5 Bf5 4. h4 h5 5. c4 e6 6. Nc3 Ne7 7. Nf3 dxc4 8. Bxc4
Nd7 9. Ng5 Nb6 10. Be2 Bg6 11. a3 Nf5 12. d5 Nxd5 13. Qb3 Qb6 14. Qc4 Be7 15.
Bd2 Qd4 16. Qxd4 Nxd4 17. Bd1 Nxc3 18. Bxc3 Nc2+ 19. Bxc2 Bxc2 20. Rc1 Bb3 21.
Rh3 Bd5 22. Rg3 g6 23. Bb4 Bxb4+ 24. axb4 Ke7 25. Ra1 a6 26. Rd3 Rhc8 27. Rd4
Rc7 28. Rf4 Kf8 29. Rd1 Kg7 30. f3 b6 31. Ra1 Raa7 32. g4 hxg4 33. fxg4 c5 34.
bxc5 Rxc5 35. b4 Rc2 36. h5 Rh2 37. Rf1 Bc4 38. Nf3 Rh3 39. Kf2 Bxf1 40. Rxf1
gxh5 41. Rg1 hxg4 42. Rxg4+ Kf8 43. Rc4 a5 44. bxa5 bxa5 45. Kg2 Rxf3 46. Kxf3
a4 47. Rc2 a3 48. Ra2 Kg7 49. Kf4 Ra4+ 50. Kg5 Re4 51. Rxa3 Rxe5+ 52. Kg4 Kg6
0-1

[Event "4NCL Division 1b"]
[Site "Birmingham, ENG ENG"]
[Date "2015.11.14"]
[Round "1.165"]
[White "Bates, Richard A"]
[Black "Weaving, Richard"]
[Result "1/2-1/2"]
[WhiteElo "2327"]
[BlackElo "2242"]
[PlyCount "54"]
[EventDate "2015.11.14"]
[WhiteTeam "Blackthorne Russia"]
[BlackTeam "White Rose 1"]

1. d4 Nf6 2. Nf3 d5 3. c4 e6 4. g3 Be7 5. Bg2 O-O 6. O-O dxc4 7. Qc2 a6 8. a4
a5 9. Qxc4 Bd7 10. Ne5 Bc6 11. Nxc6 Nxc6 12. Bxc6 bxc6 13. Nc3 Rb8 14. Rd1 Qd7
15. e4 c5 16. dxc5 Qc6 17. Qe2 Rb4 18. Bg5 h6 19. Bxf6 Bxf6 20. Rac1 Rfb8 21.
b3 Rxb3 22. Nb5 Rb4 23. Rc4 Rb2 24. Rd2 Rb1+ 25. Rd1 Rb2 26. Rd2 Rb1+ 27. Rd1
Rb2 1/2-1/2

[Event "4NCL Division 1b"]
[Site "Birmingham, ENG ENG"]
[Date "2015.11.14"]
[Round "1.166"]
[White "Gantner, Matthias"]
[Black "Duncan, Chris R"]
[Result "1-0"]
[WhiteElo "2255"]
[BlackElo "2310"]
[PlyCount "53"]
[EventDate "2015.11.14"]
[WhiteTeam "White Rose 1"]
[BlackTeam "Blackthorne Russia"]

1. e4 c6 2. d4 d5 3. f3 e6 4. Be3 dxe4 5. Nd2 exf3 6. Qxf3 Nf6 7. Bc4 Nbd7 8.
O-O-O Nb6 9. Bb3 a5 10. a3 Be7 11. g4 O-O 12. c4 e5 13. dxe5 Bxg4 14. Qf2 Bxd1
15. exf6 Bxb3 16. fxe7 Qxe7 17. Bxb6 Qe6 18. Ngf3 a4 19. Rg1 Qf5 20. Nxb3 axb3
21. Ne5 Qe6 22. Qg3 g6 23. Bd4 Rad8 24. Qc3 Qf5 25. Ng4 Qc2+ 26. Qxc2 bxc2 27.
Nh6# 1-0

[Event "4NCL Division 1b"]
[Site "Birmingham, ENG ENG"]
[Date "2015.11.14"]
[Round "1.167"]
[White "Webb, Laurence E"]
[Black "Webb, Matthew D"]
[Result "1/2-1/2"]
[WhiteElo "2297"]
[BlackElo "2208"]
[PlyCount "60"]
[EventDate "2015.11.14"]
[WhiteTeam "Blackthorne Russia"]
[BlackTeam "White Rose 1"]

1. e4 g6 2. d4 Bg7 3. Nc3 d6 4. Nf3 a6 5. Be3 b5 6. Bd3 Nd7 7. a4 b4 8. Ne2 c5
9. c3 bxc3 10. bxc3 Rb8 11. O-O Ngf6 12. Ng3 Qa5 13. Bd2 O-O 14. Qe2 Bb7 15.
Rfe1 Rfd8 16. h3 e6 17. Ra2 Bc6 18. c4 Qc7 19. d5 Ba8 20. Qd1 Ne8 21. Bg5 Rdc8
22. Qc2 Ne5 23. Be2 Rb7 24. Bf4 Nxf3+ 25. Bxf3 Rcb8 26. dxe6 Rb3 27. exf7+ Qxf7
28. Bd2 Nc7 29. Re3 Rb1+ 30. Re1 R1b3 1/2-1/2

[Event "4NCL Division 1b"]
[Site "Birmingham, ENG ENG"]
[Date "2015.11.14"]
[Round "1.168"]
[White "Townsend, M Paul"]
[Black "Ledger, Dave J"]
[Result "1-0"]
[WhiteElo "2250"]
[BlackElo "2226"]
[PlyCount "73"]
[EventDate "2015.11.14"]
[WhiteTeam "White Rose 1"]
[BlackTeam "Blackthorne Russia"]

1. Nf3 Nf6 2. g3 g6 3. Bg2 Bg7 4. O-O d6 5. d4 O-O 6. c4 Nbd7 7. Nc3 e5 8. e4
a6 9. Re1 Rb8 10. a4 exd4 11. Nxd4 Ne5 12. b3 Nfd7 13. f4 Nc6 14. Be3 Nc5 15.
Rb1 Nb4 16. Bf1 Re8 17. Bf2 c6 18. Qd2 a5 19. h3 f5 20. exf5 Rxe1 21. Rxe1 Bxd4
22. Qxd4 Nc2 23. Qd1 Nxe1 24. Bxc5 Bxf5 25. Bf2 Nc2 26. g4 Qf6 27. gxf5 Qxc3
28. Qxd6 Rf8 29. fxg6 hxg6 30. c5 Rf6 31. Qd8+ Kg7 32. Bc4 Rf5 33. Qg8+ Kh6 34.
Bd3 Qa1+ 35. Kg2 Qb2 36. Bxc2 Rxf4 37. Qxg6# 1-0

[Event "4NCL Division 1b"]
[Site "Birmingham, ENG ENG"]
[Date "2015.11.14"]
[Round "1.171"]
[White "Wallace, John Paul"]
[Black "Therrien, Alex L"]
[Result "1/2-1/2"]
[WhiteElo "2390"]
[BlackElo "2250"]
[PlyCount "102"]
[EventDate "2015.11.14"]
[WhiteTeam "Cambridge University 1"]
[BlackTeam "Sussex Martlets 1"]

1. e4 c6 2. d4 d5 3. exd5 cxd5 4. c4 Nf6 5. Nc3 g6 6. Qb3 Bg7 7. cxd5 Nbd7 8.
g3 O-O 9. Bg2 Nb6 10. Nge2 Bg4 11. Nf4 Qc7 12. a4 Qc4 13. Qxc4 Nxc4 14. a5 Rac8
15. O-O Nd6 16. Re1 Rfe8 17. h3 Bd7 18. g4 Bb5 19. Nxb5 Nxb5 20. Be3 Nd7 21.
Ra4 Nd6 22. Bf1 Rc7 23. Nd3 Kf8 24. Nc5 Rec8 25. Rc1 Ke8 26. Rb4 Bxd4 27. Bxd4
Nxc5 28. Re1 a6 29. Be3 f6 30. g5 f5 31. Rh4 Nce4 32. Rxh7 Nf7 33. h4 Kf8 34.
f3 Ng3 35. Bf4 Nxf1 36. Bxc7 Nd2 37. Re6 Rxc7 38. Rxg6 Nxf3+ 39. Kf2 N3e5 40.
Rgg7 Rc2+ 41. Ke3 Rg2 42. b4 Rg3+ 43. Kd4 f4 44. d6 exd6 45. Kd5 f3 46. Ke6
Nd8+ 47. Kf6 Ng4+ 48. Kg6 Ne5+ 49. Kf6 Ng4+ 50. Kg6 Ne5+ 51. Kf6 Ng4+ 1/2-1/2

[Event "4NCL Division 1b"]
[Site "Birmingham, ENG ENG"]
[Date "2015.11.14"]
[Round "1.172"]
[White "Salimbeni, George P W"]
[Black "Haria, Ravi"]
[Result "0-1"]
[WhiteElo "2111"]
[BlackElo "2445"]
[PlyCount "128"]
[EventDate "2015.11.14"]
[WhiteTeam "Sussex Martlets 1"]
[BlackTeam "Cambridge University 1"]

1. Nf3 Nf6 2. g3 e6 3. Bg2 d5 4. O-O Be7 5. b3 O-O 6. Bb2 a5 7. a4 b6 8. d4 Ba6
9. Ne5 Nfd7 10. Nxd7 Nxd7 11. Re1 f5 12. Nd2 Nf6 13. Nf3 Qe8 14. Ne5 c5 15. c4
Rd8 16. e3 Bd6 17. Qc2 Qh5 18. cxd5 Nxd5 19. Nc4 Be7 20. Rad1 cxd4 21. Bxd4 Bb4
22. Rf1 Bc5 23. Bxc5 bxc5 24. Qb2 Qf7 25. Qe5 Qf6 26. Qxf6 gxf6 27. Rc1 Nb4 28.
Rfd1 Nd3 29. Rc2 Ne5 30. Rcd2 Rxd2 31. Rxd2 Bxc4 32. bxc4 Rb8 33. Rd6 Nxc4 34.
Rd7 Nb6 35. Ra7 c4 36. Rxa5 Rc8 37. Rb5 c3 38. Rb1 Nxa4 39. Rc1 Kf7 40. Bf1 Nb6
41. Ba6 Rc5 42. Bd3 Nd5 43. Bc2 Nb4 44. Kf1 Ke7 45. h4 Kd6 46. Bb3 e5 47. Ke2
e4 48. h5 h6 49. Rd1+ Kc7 50. Ra1 Kb6 51. f3 exf3+ 52. Kxf3 c2 53. Rc1 Nd3 54.
Rxc2 Ne1+ 55. Kf4 Nxc2 56. Bxc2 Rxc2 57. Kxf5 Rg2 58. Kxf6 Rxg3 59. e4 Kc7 60.
e5 Kd7 61. Kf7 Re3 62. Kg6 Ke7 63. Kxh6 Rxe5 64. Kg6 Kf8 0-1

[Event "4NCL Division 1b"]
[Site "Birmingham, ENG ENG"]
[Date "2015.11.14"]
[Round "1.173"]
[White "Esserman, Marc"]
[Black "Cumming, Rhys"]
[Result "1/2-1/2"]
[WhiteElo "2408"]
[BlackElo "2135"]
[PlyCount "119"]
[EventDate "2015.11.14"]
[WhiteTeam "Cambridge University 1"]
[BlackTeam "Sussex Martlets 1"]

1. d4 Nf6 2. c4 g6 3. Nc3 d5 4. cxd5 Nxd5 5. Bd2 Nb6 6. Bf4 Bg7 7. e3 O-O 8.
Nf3 c5 9. dxc5 N6d7 10. Bc4 Nc6 11. O-O Qa5 12. Rc1 Nxc5 13. a3 Be6 14. Qe2
Bxc4 15. Qxc4 Ne6 16. Bg3 Rac8 17. Qb3 Rfd8 18. Qa2 Qh5 19. Rfd1 Bxc3 20. Rxd8+
Rxd8 21. bxc3 Ng5 22. Nd4 e5 23. Ne2 Ne4 24. Qc2 Qf5 25. f3 Nxg3 26. hxg3 Qxc2
27. Rxc2 Rd1+ 28. Kf2 Ra1 29. Rb2 b6 30. Rb3 Na5 31. Rb5 Nc4 32. Rb4 Nxa3 33.
Re4 Kg7 34. Rxe5 Nc4 35. Re7 a5 36. Rc7 Nb2 37. Nf4 Ra2 38. Ke1 a4 39. e4 Kf6
40. Rc6+ Ke7 41. Rxb6 a3 42. Ra6 Nc4 43. Ra4 Rc2 44. Rxc4 a2 45. Ra4 Rc1+ 46.
Kf2 a1=Q 47. Rxa1 Rxa1 48. g4 Kd6 49. g5 Rh1 50. Nd5 Rh5 51. f4 h6 52. Nf6 Rh1
53. gxh6 Rxh6 54. Ke3 Rh1 55. e5+ Ke6 56. Ne4 Re1+ 57. Kf3 Rf1+ 58. Ke3 Re1+
59. Kf3 Rf1+ 60. Ke3 1/2-1/2

[Event "4NCL Division 1b"]
[Site "Birmingham, ENG ENG"]
[Date "2015.11.14"]
[Round "1.174"]
[White "Grant, David J"]
[Black "Young, Gregory"]
[Result "0-1"]
[WhiteElo "2101"]
[BlackElo "2385"]
[PlyCount "78"]
[EventDate "2015.11.14"]
[WhiteTeam "Sussex Martlets 1"]
[BlackTeam "Cambridge University 1"]

1. e4 c5 2. Nf3 Nc6 3. d4 cxd4 4. Nxd4 g6 5. c4 Nf6 6. Nc3 d6 7. Nc2 Bg7 8. Be2
O-O 9. O-O Nd7 10. Bd2 a5 11. Qc1 Nc5 12. Bh6 f5 13. Bxg7 Kxg7 14. exf5 Bxf5
15. Ne3 Nd4 16. Nxf5+ Rxf5 17. Bg4 Rf7 18. Qd2 e5 19. f4 Qh4 20. fxe5 Qxg4 21.
h3 Qh4 22. Rxf7+ Kxf7 23. Rf1+ Nf5 24. Qxd6 Qxc4 25. Rxf5+ gxf5 26. Qf6+ Kg8
27. Qg5+ Kf8 28. Qf6+ Qf7 29. Qh8+ Qg8 30. Qf6+ Ke8 31. Nb5 Ne4 32. Qxf5 Ng3
33. Qf6 Rd8 34. Nd6+ Kd7 35. Nxb7 Rc8 36. Nc5+ Ke8 37. Qd6 Qf7 38. e6 Ne2+ 39.
Kh1 Qf1+ 0-1

[Event "4NCL Division 1b"]
[Site "Birmingham, ENG ENG"]
[Date "2015.11.14"]
[Round "1.175"]
[White "Bisby, Daniel L"]
[Black "Hoare, Amy B"]
[Result "1-0"]
[WhiteElo "2305"]
[BlackElo "2102"]
[PlyCount "81"]
[EventDate "2015.11.14"]
[WhiteTeam "Cambridge University 1"]
[BlackTeam "Sussex Martlets 1"]

1. c4 e6 2. Nc3 d5 3. e3 Nf6 4. Nf3 Be7 5. b3 O-O 6. Bb2 dxc4 7. bxc4 b6 8. Be2
Bb7 9. Qc2 c5 10. O-O Nc6 11. Rfd1 Rc8 12. Rac1 Bd6 13. d4 cxd4 14. exd4 Na5
15. Ne5 a6 16. Bd3 Qe7 17. Na4 Bc7 18. Bc3 Nc6 19. Rb1 Qd8 20. Qb2 Nh5 21. Nxb6
Nxe5 22. dxe5 Qg5 23. Nd5 Ba8 24. h4 Qxh4 25. g3 Nxg3 26. fxg3 Qxg3+ 27. Qg2
Qxg2+ 28. Kxg2 exd5 29. cxd5 Bxd5+ 30. Kg3 Bxa2 31. Rb7 f6 32. Bf5 Rcd8 33. Rh1
g6 34. Rxc7 gxf5 35. Rhxh7 Rf7 36. Rhxf7 Bxf7 37. exf6 Be6 38. Rg7+ Kf8 39.
Bb4+ Ke8 40. Re7+ Kf8 41. Rxe6+ 1-0

[Event "4NCL Division 1b"]
[Site "Birmingham, ENG ENG"]
[Date "2015.11.14"]
[Round "1.176"]
[White "Willson, Ollie"]
[Black "Karayiannis, Costas"]
[Result "1/2-1/2"]
[WhiteElo "2050"]
[BlackElo "2172"]
[PlyCount "52"]
[EventDate "2015.11.14"]
[WhiteTeam "Sussex Martlets 1"]
[BlackTeam "Cambridge University 1"]

1. d4 d5 2. Nf3 Nf6 3. g3 Bf5 4. Bg2 e6 5. O-O Be7 6. c4 c6 7. Nc3 h6 8. b3 O-O
9. Bb2 Nbd7 10. Re1 Qb6 11. c5 Qc7 12. b4 Rfe8 13. a4 Ne4 14. Qb3 Bf6 15. Nxe4
Bxe4 16. b5 Rad8 17. Bc3 e5 18. b6 Qb8 19. bxa7 Qxa7 20. e3 exd4 21. exd4 Bf5
22. a5 Rxe1+ 23. Rxe1 Be4 24. Nd2 Bxg2 25. Kxg2 Qa6 26. Nf3 Ra8 1/2-1/2

[Event "4NCL Division 1b"]
[Site "Birmingham, ENG ENG"]
[Date "2015.11.14"]
[Round "1.177"]
[White "Brau, Julio"]
[Black "Lenier, Jude A"]
[Result "1-0"]
[WhiteElo "2071"]
[BlackElo "2059"]
[PlyCount "81"]
[EventDate "2015.11.14"]
[WhiteTeam "Cambridge University 1"]
[BlackTeam "Sussex Martlets 1"]

1. e4 e5 2. Nf3 Nc6 3. Bb5 a6 4. Ba4 Nf6 5. O-O Be7 6. Re1 b5 7. Bb3 O-O 8. a4
Bb7 9. d3 d6 10. Nc3 b4 11. Ne2 Na5 12. Ba2 c5 13. Ng3 Bc8 14. Nd2 Bg4 15. f3
Be6 16. Nc4 Nc6 17. f4 exf4 18. Bxf4 d5 19. Ne5 Nxe5 20. Bxe5 Bg4 21. Qd2 dxe4
22. Nxe4 Nxe4 23. Rxe4 Bf5 24. Re3 Bf6 25. Rf1 Bxe5 26. Rxe5 Qd4+ 27. Qe3 Qxe3+
28. Rxe3 Bg6 29. Re7 h6 30. Rfe1 a5 31. R1e5 Rfc8 32. Bd5 Rab8 33. b3 Kf8 34.
Ra7 Rd8 35. Bf3 c4 36. dxc4 Bxc2 37. Ree7 Bg6 38. Bd5 Re8 39. Rxe8+ Rxe8 40.
Rxa5 Re3 41. c5 1-0